000 00291 a2200109 4500
001 ART_7463
005 20260410161624.0
008 260409a
245 1 0 _aSociedad anónima- empresa
100 1 _aFargosi, Horacio P.
773 0 _tEnfoques
_g- Nº 8 (ago. 2012)
_wREV416
999 _c11823
_d11823